00955cam a22002654a 45000010009000000050017000090080041000260200018000670200015000850400054001000820021001541000029001752450040002042500031002442600054002753000035003295040051003646500058004156500058004736510010005316530022005419420008005639990017005719520101005881557080920180102121735.0081230t2010 ohua frb 001 0 eng d a9780324598049 a0324598041 aBTCTAcBTCTAdYDXCPdTXAdUBYdDLCdEG-ScBUEbeng04a658.045222bPOZ1 aPoza, Ernesto J.,d1950-10aFamily business /cErnesto J. Poza. a3rd ed., International ed. aMason :bSouth-Western Cengage Learning,cc.2010. axiii, 391 p. :bill. ;c24 cm. aIncludes bibliographical references and index. 7aFamily-owned business enterprisesxManagement.2BUEsh 7aFamily-owned business enterprisesxSuccession.2BUEsh 2BUEsh bGGENcJanuary2018 2ddc c25839d25811 00102ddc4070aMAINbMAINc1STd2018-01-02l0o658.045 POZp000047073r2025-07-15 00:00:00yBB